000 01405nam a22002777a 4500
005 20170124103205.0
010 _aB-076981
020 _c295.00
_a8171942776
035 _aB-076981
037 _bCen Lib/Ret
040 _aDPL
_bHN
082 _a343.54052
_bसिंघानि
100 _aसिंघानिया, विनोद के.
_993490
245 _aस्टूडेंट्स गाइड टू इन्कम टैक्स /
_cविनोद के.सिंघानिया [और] कपिल सिंघानिया
246 _aStudents guide to income tax /
_bby Vinod Singhaniya [aur] Kapil Singhaniya
250 _aपंद्रहवाँ संस्करण
260 _aनई दिल्ली
_bटैक्समैन पब्लिकेशन
_c2002
270 _bनई दिल्ली
_a59/32, न्यू रोहतक रोड
_e110005
300 _aभिन्न पृष्ठ
_c23सेमी(सजिल्द)
650 _aकर -- निर्धारण
_947089
650 _aआय जिन्हें कर से छूट प्राप्त है
_993491
650 _aTax determination
_993492
650 _aWhich is exempt from income tax
_993493
700 _aसिंघानिया, कपिल
_9118400
942 _2ddc
_cHN
_h343.54052
_mसिंघानि
999 _c120941
_d120941